The Gnostic Bible /

محفوظ في:

مؤلفون آخرون: Barnstone, Willis, 1927-, Meyer, Marvin W.

التنسيق: كتاب

اللغة: English

منشور في: Boston : Shambhala, 2003.

الطبعة: 1st ed.

الموضوعات:

الوسوم: إضافة وسم

لا توجد وسوم, كن أول من يضع وسما على هذه التسجيلة!

رقم الطلب: BT1390 .G4937 2003

LEADER 00937namaa2200289 4500
001 12016
003 OSt
005 20240808105004.0
008 130303s2003 mau b 001 0 eng d
952 |0 0  |1 0  |2 lcc  |4 0  |6 BT1390 G4937 02003  |7 1  |9 15810  |a ARCE  |b ARCE  |d 2021-06-03  |l 0  |o BT1390 .G4937 2003  |p 1006308  |r 2021-06-03 00:00:00  |w 2021-06-03  |y BK 
999 |c 12285  |d 12285 
010 |a 2003007148 
020 |a 1570622426 
040 |c ARCE Library 
050 4 |a BT1390 .G4937 2003 
245 0 4 |a The Gnostic Bible /  |c edited by Willis Barnstone, Marvin Meyer. 
250 |a 1st ed. 
264 1 |a Boston :  |b Shambhala,  |c 2003. 
300 |a ix, 860 pages ;  |c 25 cm. 
504 |a Includes bibliographical references (pages 821-848) and index. 
650 0 |a Gnostic gospels. 
650 0 |a Gnostic literature. 
650 0 |a Gnosticism. 
700 1 |a Barnstone, Willis,   |d 1927-  |9 26271 
700 1 |a Meyer, Marvin W. 
901 |a reviewed 
942 |c BK  |2 lcc